000 00734nam a22001697i 4500
082 _a662.2
_bEIS
100 1 _aEissler, M.
_950184
245 1 2 _aA handbook on modern explosives
_ba practical treatise on the manufacture and use of dynamite, gun-cotton, nitro-glycerine, and other explosive compounds, including collodion-cotton, with chapters on explosives in practical application /
_cby M. Eissler.
250 _a2nd ed., enl.
260 _aLondon :
_bC. Lockwood,
_c1897.
300 _axx, 406 p., [1] folded leaf of plates :
_bill. ;
_c 19 cm.
500 _aCall number of original: TP270.E36.
500 _aMaster microform held by: DLC.
526 _a0
_b0
_c0
_d662_200000000000000_EIS
650 _aMCE
_9379
942 _2ddc
_cBK
999 _c552912
_d552912